conflict and the quest for justice (Record no. 10034)
[ view plain ]
| 000 -LEADER | |
|---|---|
| fixed length control field | 00279 a2200109 4500 |
| 020 ## - INTERNATIONAL STANDARD BOOK NUMBER | |
| International Standard Book Number | 0620143150 |
| 005 - DATE AND TIME OF LATEST TRANSACTION | |
| control field | 20191017173255.0 |
| 084 ## - OTHER CLASSIFICATION NUMBER | |
| Classification number | NONE |
| 100 ## - MAIN ENTRY--PERSONAL NAME | |
| Personal name | klaus Nurnberger |
| 245 ## - TITLE STATEMENT | |
| Title | conflict and the quest for justice |
| Medium | Text |
| 260 ## - PUBLICATION, DISTRIBUTION, ETC. | |
| Place of publication, distribution, etc. | South Africa |
| Name of publisher, distributor, etc. | Encounter Publications |
| Date of publication, distribution, etc. | 1989 |
| 650 ## - SUBJECT ADDED ENTRY--TOPICAL TERM | |
| Topical term or geographic name entry element | CONFLICT |
No items available.